Hunger Games - Quiz sur Primrose - Statistiques

Statistiques générales
  • Ce quiz a été pris 170 fois
    90 depuis la dernière actualisation
  • Le résultat moyen est 14 sur 18
Statistiques - réponses
Hint Réponse % Correct
Personnage Son surnom Prim
100%
Les Hunger Games Quelle âge avait-elle lorsqu'elle a été tiré au sort 12 ans
97%
Les Hunger Games Combien de fois son nom a été inscrit à la Moisson des 74e Hunger Games 1 fois
97%
Personnage District d'origine District 12
97%
Relations Prénom de sa sœur Katniss
95%
Personnage Couleur de ses yeux (dans le livre) Bleu
94%
Personnage Couleur de ses cheveux Blond
94%
Animaux de compagnie Espèce de son 1er animal de compagnie Chat
92%
Personnage Nom complet Primrose Everdeen
92%
Autres Métier qu'elle apprend Infirmière
85%
Personnage Couleur de ses yeux (dans le film) Marron
82%
Animaux de compagnie Prénom de 1er animal de compagnie Buttercup
75%
Animaux de compagnie Espèce de son 2nd animal de compagnie Chèvre
75%
Les Hunger Games Que donne-t-elle à sa sœur lorsqu'elle part pour les Hunger Games La broche du geai moqueur
73%
Animaux de compagnie Prénom de 2nd animal de compagnie Lady
59%
Relations Prénom de son père Burdock
54%
Relations Prénom de sa mère Asterid
47%
Les Films Actrice dans la Saga Willow Shields
19%
Aucun quiz correspondant
Distribution des résultats
% des personnes avec chaque résultat
Percentile par nombre de réponses
Votre historique - résultats
Vous n’avez pas pris ce quiz depuis la dernière actualisation